Capitales des pays qui commencent par S - Statistiques

Statistiques générales
  • Ce quiz a été pris 182 fois
  • Le résultat moyen est 17 sur 24
Statistiques - réponses
S Pays Capitale % Correct
Suisse Berne
96%
Singapour Singapour
96%
Suède Stockholm
93%
Syrie Damas
90%
Sénégal Dakar
88%
Serbie Belgrade
86%
Slovaquie Bratislava
86%
Saint-Marin Saint-Marin
86%
Salvador San Salvador
82%
Slovenie Ljubljana
80%
Soudan Khartoum
76%
Sao Tomé-et-Principe Sao Tome
74%
Somalie Mogadiscio
72%
Seychelles Victoria
71%
Sierra Leone Freetown
69%
Suriname Paramaribo
63%
Sainte-Lucie Castries
58%
Samoa Apia
50%
Saint-Christophe-et-Niévès Basseterre
50%
Soudan du Sud Djouba
50%
Swaziland Mbabane
50%
Sri Lanka Sri Jayawardenapura Kotte
44%
Saint-Vincent-et-les Grenadines Kingstown
43%
Îles Salomon Honiara
39%
Aucun quiz correspondant
Distribution des résultats
% des personnes avec chaque résultat
Percentile par nombre de réponses
Votre historique - résultats
Vous n’avez pas pris ce quiz